Characterization of kuttiattor mango ( Mangifera indica L.) cultivar of kannur district, Kerala (Record no. 199547)

MARC details
000 -LEADER
fixed length control field 00461 a2200133 4500
082 ## - DEWEY DECIMAL CLASSIFICATION NUMBER
Classification number 634
Item number RES/CH
100 ## - MAIN ENTRY--PERSONAL NAME
Personal name Reshma Reghu
245 ## - TITLE STATEMENT
Title Characterization of kuttiattor mango ( Mangifera indica L.) cultivar of kannur district, Kerala
260 ## - PUBLICATION, DISTRIBUTION, ETC. (IMPRINT)
Place of publication, distribution, etc. Vellanikara
Name of publisher, distributor, etc. Dept. of plantation breeding and genetics, College of horticulture
Date of publication, distribution, etc. 2017
650 ## - SUBJECT ADDED ENTRY--TOPICAL TERM
Topical term or geographic name as entry element Fruits, soil, plantation breeding, genetics
700 ## - ADDED ENTRY--PERSONAL NAME
Personal name Elsy C R, Guide
942 ## - ADDED ENTRY ELEMENTS (KOHA)
Koha item type Theses
942 ## - ADDED ENTRY ELEMENTS (KOHA)
Source of classification or shelving scheme Dewey Decimal Classification
Holdings
Withdrawn status Lost status Source of classification or shelving scheme Damaged status Not for loan Home library Current library Date acquired Total Checkouts Full call number Barcode Date last seen Price effective from Koha item type
    Dewey Decimal Classification     College of Agriculture, Vellanikkara College of Agriculture, Vellanikkara 07/12/2017   634 RES/CH KAU_COA-T-1815 07/12/2017 07/12/2017 Theses
Kerala Agricultural University Central Library
Thrissur-(Dt.), Kerala Pin:- 680656, India
Ph : (+91)(487) 2372219
E-mail: librarian@kau.in
Website: http://library.kau.in/